00759cam a2200229 a 4500001000800000005001700008008004100025020002400066040001800090082002200108100002300130245011700153260005700270300001700327500002200344650001400366650001300380700002300393942000600416952009400422999001300516475250520231204002251.0860103s1986 enk b 001 0 eng  a0422601209 (pbk.) : aDLCcDLCdDLC00a305.4/2219bELI.1 aWilson, Elizabeth,10aHidden agendas :btheory, politics, and experience in the women's movement /cElizabeth Wilson with Angela Weir. aLondon ;aNew York :bTavistock Publications,c1986. aix, 227 p. ; aIncludes indexes. 0aFeminism. 0aFeminism1 aWeir, Angela.eedt cL 001040708LaWERCLbWERCLd2023-12-04l0o305.4/2 ELI.p2083r2023-12-04w2023-12-04yL c118d118